The biodiversity gain plan: (Record no. 121688)

MARC details
000 -LEADER
fixed length control field 01188nam a22002057a 4500
008 - FIXED-LENGTH DATA ELEMENTS--GENERAL INFORMATION
fixed length control field 231027s2023 xxk|||||o||||f00| 0 eng d
041 ## - LANGUAGE CODE
Language code of text/sound track or separate title eng
245 ## - TITLE STATEMENT
Title The biodiversity gain plan:
Subtitle draft template and guidance
Medium [Electronic resource]
260 ## - PUBLICATION INFORMATION
Publisher Department for Environment, Food & Rural Affairs
Date 26 October 2023
520 ## - ABSTRACT
Abstract The purpose of the biodiversity gain plan is to provide a clear and consistent document with which a developer sets out how the proposals meet the biodiversity net gain objective. The biodiversity gain plan contains the relevant information for the planning authority to determine whether the biodiversity net gain objective has been met. Please note, this is a draft biodiversity gain plan template and draft guidance which is subject to change.
650 ## - KEYWORDS
Keywords BIODIVERSITY NET GAIN
650 ## - KEYWORDS
Keywords LAND
650 ## - KEYWORDS
Keywords BIODIVERSITY CREDITS
650 ## - KEYWORDS
Keywords PLANNING
651 ## - SUBJECT ADDED ENTRY--GEOGRAPHIC NAME
Geographic name United Kingdom
690 ## - BROAD SUBJECT
9 (RLIN) 6238
Broad subject Environment
710 ## - ADDED CORPORATE NAME
Added corporate author Department for Environment, Food and Rural Affairs
856 ## - ONLINE RESOURCE
Uniform Resource Identifier <a href="https://defralanduse.blog.gov.uk/2023/10/26/the-biodiversity-gain-plan-draft-template-and-guidance/">https://defralanduse.blog.gov.uk/2023/10/26/the-biodiversity-gain-plan-draft-template-and-guidance/</a>
Public note Available on GOV.UK
942 ## - ADDED ENTRY ELEMENTS (KOHA)
Suppress in OPAC Do not suppress in OPAC
Holdings
Lost status Damaged status Not for loan Home library Current library Shelving location Date acquired Total Checkouts Date last seen Price effective from Koha item type
      Virtual Virtual Online 27/10/2023   27/10/2023 27/10/2023 Online material